000
00240nam a2200097Ia 4500
001
808542
005
20250826171252.0
008
250824s9999 xx 000 0 und d
245
0
_a
KÖPRÜBAŞI
_c
YAVUZ BAHADIROĞLU
260
_b
NESİL YAYINLARI
999
_c
808542
_d
808542